• 首页
  • 本馆介绍
  • 公告通知
  • 最新文献
  • 馆藏检索
  • 电子资源
  • 读者导购
  • 参考咨询
  • 我的图书馆
  • 登录
  • 详细信息显示
  • 放入我的书架
  • 预约/预借图书
  • 作者相关作品
  • 分类相关作品
  • 丛书相关作品
  • 出版社相关作品

书目信息

  • 表格格式
  • 工作单格式
  • 卡片格式
题名:
脱毒马铃薯生产与产业经营
    
 
作者: 侯宇 , 苏林富 , 姚元福 主编
分册:  
出版信息: 北京   中国农业科学技术出版社  2017.09
页数: 184页
开本: 21cm
丛书名:
单 册:
中图分类: S532
科图分类:
主题词: 马铃薯--栽培技术--教材
电子资源:
ISBN: 978-7-5116-3265-4
000 00944nam0 2200253 450
001 5596
005 20181016134751.42
010    @a978-7-5116-3265-4@dCNY32.00
100    @a20180217d2017 em y0chiy50 ea
101 0  @achi
102    @aCN@b110000
105    @aa z 000yy
200 1  @a脱毒马铃薯生产与产业经营@9tuo du ma ling shu sheng chan yu chan ye jing ying@f侯宇,苏林富,姚元福主编
210    @a北京@c中国农业科学技术出版社@d2017.09
215    @a184页@c图@d21cm
300    @a新型职业农民培育系列教材 专修教材
330    @a本书主要包括马铃薯的生物学特性、播前准备及播种、脱毒马铃薯的田间管理、脱毒马铃薯病虫害识别与防治技术、脱毒马铃薯的收获与贮藏、脱毒马铃薯种薯生产、脱毒马铃薯的经营管理等内容。
606 0  @a马铃薯@x栽培技术@j教材
690    @aS532@v5
701  0 @a侯宇@9hou yu@4主编
701  0 @a苏林富@9su lin fu@4主编
701  0 @a姚元福@9yao yuan fu@4主编
801  0 @aCN@b91MARC@c20180217
905    @aMuseLib@dS532@e87
    
    脱毒马铃薯生产与产业经营/侯宇,苏林富,姚元福主编.-北京:中国农业科学技术出版社,2017.09
    184页:图;21cm
    新型职业农民培育系列教材 专修教材
    
    ISBN 978-7-5116-3265-4:CNY32.00
    本书主要包括马铃薯的生物学特性、播前准备及播种、脱毒马铃薯的田间管理、脱毒马铃薯病虫害识别与防治技术、脱毒马铃薯的收获与贮藏、脱毒马铃薯种薯生产、脱毒马铃薯的经营管理等内容。
●
相关链接 在E读中查询图书 在五车中查询图书 在当当中查询图书 在豆瓣中查询图书


正题名:脱毒马铃薯生产与产业经营     索取号:S532/87         预约/预借

序号 登录号 条形码 馆藏地/架位号 状态 备注
1 1130485   211304854   第二样本阅览室/ [索取号:S532/87] 在馆    
2 1130486   211304863   密集书库-生命科学系/ [索取号:S532/87] 在馆    
3 1130487   211304872   第三借阅区/ [索取号:S532/87] 在馆    
4 1130488   211304881   第三借阅区/ [索取号:S532/87] 在馆    
5 1130489   211304890   第三借阅区/ [索取号:S532/87] 在馆    
唐山师范学院图书馆 欢迎您!
大连网信软件有限公司© 版权所有